विष्णु प्रभाकर के उपन्यासों में नारी/ (Record no. 212780)

MARC details
000 -LEADER
fixed length control field 00968nam a22001937a 4500
005 - DATE AND TIME OF LATEST TRANSACTION
control field 20250801120859.0
010 ## - LCCN (DPL NO)
LC control number HIN-130102
020 ## - INTERNATIONAL STANDARD BOOK NUMBER
International Standard Book Number 9789352221370
Terms of availability 995.00
035 ## - SYSTEM CONTROL NUMBER
System control number HN-102448
037 ## - SOURCE OF ACQUISITION
Source of stock number/acquisition DBAD
082 ## - DEWEY DECIMAL CLASSIFICATION NUMBER
Classification number 823.08
100 ## - MAIN ENTRY--PERSONAL NAME
Personal name गुप्ता, सोनिया
245 ## - TITLE STATEMENT
Title विष्णु प्रभाकर के उपन्यासों में नारी/
Statement of responsibility, etc सोनिया गुप्ता
250 ## - EDITION STATEMENT
Edition statement प्रथम
260 ## - PUBLICATION, DISTRIBUTION, ETC. (IMPRINT)
Place of publication, distribution, etc दरियागंज, नई दिल्ली
Name of publisher, distributor, etc स्कॉलर वर्ल्ड एस्ट्रोल इंटरनेशनल (प्रा.) लिमिटेड की इकाई
270 ## - ADDRESS
Address 4736/23, अंसारी रोड, दरियागंज, नई दिल्ली
City नई दिल्ली
Postal code 110002
300 ## - PHYSICAL DESCRIPTION
Extent 187पृ.
Dimensions 24सेमी(सजिल्द)
942 ## - ADDED ENTRY ELEMENTS (KOHA)
Source of classification or shelving scheme Dewey Decimal Classification
Item type Hindi Books
Classification part 823.08
Call number suffix गुप्ता
Holdings
Withdrawn status Lost status Not for loan Collection code Home library Current library Date acquired Source of acquisition Cost, normal purchase price Full call number Barcode Cost, replacement price Koha item type
      Non-fiction Sarojini Nagar Sarojini Nagar 01/08/2025 DBAD 995.00 823.08 गुप्ता HN-102448 995.00 Hindi Books

© Delhi Public Library
Hit Counter
free hit counter